भारतीय होने का अर्थ / (Record no. 36854)

MARC details
000 -LEADER
fixed length control field 01088nam a22002417a 4500
005 - DATE AND TIME OF LATEST TRANSACTION
control field 20100709111925.0
008 - FIXED-LENGTH DATA ELEMENTS--GENERAL INFORMATION
fixed length control field 100709t xxu||||| |||| 00| 0 hin d
010 ## - LCCN (DPL NO)
LC control number HIN-89641
020 ## - INTERNATIONAL STANDARD BOOK NUMBER
International Standard Book Number 8173155399
Terms of availability 250.00
035 ## - SYSTEM CONTROL NUMBER
System control number HN-61987
037 ## - SOURCE OF ACQUISITION
Source of stock number/acquisition DBAD / PUB
040 ## - CATALOGING SOURCE
Original cataloging agency DPL
Language of cataloging HN
082 ## - DEWEY DECIMAL CLASSIFICATION NUMBER
Classification number 954
100 ## - MAIN ENTRY--PERSONAL NAME
Personal name वर्मा, पवन के.
9 (RLIN) 26210
245 ## - TITLE STATEMENT
Title भारतीय होने का अर्थ /
Statement of responsibility, etc पवन के. वर्मा; दीपिका रानी द्वारा अनुदित
246 ## - VARYING FORM OF TITLE
Title proper/short title Bharatiya hone ka arth
Remainder of title by pawan k varma
260 ## - PUBLICATION, DISTRIBUTION, ETC. (IMPRINT)
Place of publication, distribution, etc नई दिल्ली
Name of publisher, distributor, etc प्रभात प्रकाशन
Date of publication, distribution, etc 2010
270 ## - ADDRESS
Address 4/19 आसफ अली रोड
City नई दिल्ली
Postal code 110002
300 ## - PHYSICAL DESCRIPTION
Extent 216पृ
Dimensions 22सेमी (सजिल्द)
700 ## - ADDED ENTRY--PERSONAL NAME
Personal name दीपिका रानी
9 (RLIN) 26211
942 ## - ADDED ENTRY ELEMENTS (KOHA)
Source of classification or shelving scheme Dewey Decimal Classification
Item type Hindi Books
Call number suffix वर्माप
Classification part 954
Holdings
Withdrawn status Lost status Source of classification or shelving scheme Damaged status Not for loan Collection code Home library Current library Date acquired Source of acquisition Cost, normal purchase price Total Checkouts Full call number Barcode Date last seen Copy number Cost, replacement price Koha item type
    Dewey Decimal Classification   Not For Loan Non-fiction D.B.Act.Division D.B.Act.Division 09/07/2010 DBAD / PUB 250.00   वर्माप HN-61987 09/07/2010 1 250.00 Hindi Books

© Delhi Public Library
Hit Counter
free hit counter